| 000 | 00738nam a2200265 a 4500 | ||
|---|---|---|---|
| 001 | nice12345678 | ||
| 003 | IN_TiNIC | ||
| 005 | 20260116013849.0 | ||
| 008 | 050524s1975 chia grp 000 0 eng | ||
| 020 |
_a0916256 _c318.5 |
||
| 082 | 0 | 0 |
_a294.5514 _bWAD |
| 100 | _aWadley, Susan Snow | ||
| 245 |
_aShakti _b Power in the Conceptual Structure of Karimpur Religion |
||
| 260 |
_aChicago _bUniversity of Chicago Press _c1975 |
||
| 300 | _a222p | ||
| 500 | _aincludes index and biblioraphy | ||
| 505 | 2 | _aReferences | |
| 650 | _aShaktaism-Hinduism | ||
| 650 | _aHinduism-Rituals | ||
| 650 | _aKarimpur-India-Religious Life & Cus | ||
| 700 | 1 | _aWadley, Susan Snow | |
| 902 | _bSRS | ||
| 942 | _cBK | ||
| 999 |
_c12850 _d12850 |
||